000 00267nam a2200097Ia 4500
001 687452
005 20250826161556.0
008 250824s9999 xx 000 0 und d
245 0 _aYANLIŞLIKLA DÜNYANIN ÖBÜR UCUNA UÇAN ÇOCUK
_cJOHN BOYNE
260 _bTUDEM YAYINLARI
999 _c687452
_d687452